<?xml version="1.0" encoding="UTF-8"?>
<record
    xmlns:xsi="http://www.w3.org/2001/XMLSchema-instance"
    xsi:schemaLocation="http://www.loc.gov/MARC21/slim http://www.loc.gov/standards/marcxml/schema/MARC21slim.xsd"
    xmlns="http://www.loc.gov/MARC21/slim">

  <leader>00383    a2200145   4500</leader>
  <controlfield tag="005">20250424145454.0</controlfield>
  <datafield tag="020" ind1=" " ind2=" ">
    <subfield code="a">0-13-316746-1</subfield>
  </datafield>
  <datafield tag="082" ind1=" " ind2=" ">
    <subfield code="a">657.48 ARN</subfield>
  </datafield>
  <datafield tag="100" ind1=" " ind2=" ">
    <subfield code="a">ARNOLD, J.</subfield>
  </datafield>
  <datafield tag="245" ind1=" " ind2=" ">
    <subfield code="a">Financial Accounting.</subfield>
  </datafield>
  <datafield tag="260" ind1=" " ind2=" ">
    <subfield code="a">London,</subfield>
    <subfield code="b">Prentice- Hall,</subfield>
    <subfield code="c">1985.</subfield>
  </datafield>
  <datafield tag="300" ind1=" " ind2=" ">
    <subfield code="a">xvi, 428p.: ill.; figure, table.</subfield>
    <subfield code="b">Index.</subfield>
    <subfield code="c">23cm.</subfield>
  </datafield>
  <datafield tag="700" ind1=" " ind2=" ">
    <subfield code="a">HOPE, T. &amp; SOUTHWORTH, A.</subfield>
  </datafield>
  <datafield tag="942" ind1=" " ind2=" ">
    <subfield code="2">ddc</subfield>
    <subfield code="c">BKS</subfield>
  </datafield>
  <datafield tag="999" ind1=" " ind2=" ">
    <subfield code="c">1628</subfield>
    <subfield code="d">1628</subfield>
  </datafield>
  <datafield tag="952" ind1=" " ind2=" ">
    <subfield code="r">2025-04-24 07:23:07</subfield>
    <subfield code="l">0</subfield>
    <subfield code="o">657.48 ARN</subfield>
    <subfield code="p">0000006181</subfield>
    <subfield code="v">30000.00</subfield>
    <subfield code="w">2025-04-24</subfield>
    <subfield code="y">BKS</subfield>
    <subfield code="1">0</subfield>
    <subfield code="2">ddc</subfield>
    <subfield code="4">0</subfield>
    <subfield code="7">0</subfield>
    <subfield code="0">0</subfield>
    <subfield code="a">CBEML</subfield>
    <subfield code="b">CBEML</subfield>
    <subfield code="c">GEN</subfield>
    <subfield code="d">2025-04-24</subfield>
    <subfield code="g">10000.00</subfield>
  </datafield>
  <datafield tag="952" ind1=" " ind2=" ">
    <subfield code="r">2025-04-24 14:56:40</subfield>
    <subfield code="l">0</subfield>
    <subfield code="o">657. 48 ARN</subfield>
    <subfield code="p">0000006195</subfield>
    <subfield code="v">30000.00</subfield>
    <subfield code="w">2025-04-24</subfield>
    <subfield code="y">BKS</subfield>
    <subfield code="1">0</subfield>
    <subfield code="2">ddc</subfield>
    <subfield code="4">0</subfield>
    <subfield code="7">0</subfield>
    <subfield code="0">0</subfield>
    <subfield code="a">CBEML</subfield>
    <subfield code="b">CBEML</subfield>
    <subfield code="c">GEN</subfield>
    <subfield code="d">2025-04-24</subfield>
    <subfield code="g">10000.00</subfield>
  </datafield>
</record>
